| 000 | 00355 a2200133 4500 | ||
|---|---|---|---|
| 001 | 88085 | ||
| 082 | _aPR 324 | ||
| 090 |
_c41495 _d41495 |
||
| 100 | _aBabar, 35113 | ||
| 245 | _aDesign of suspension mount for 60 KVA engine driven generator | ||
| 260 |
_aRisalpur _bNUST Risalpur _c2004 |
||
| 300 |
_aviii, 29p. _eNaeem, Dr |
||
| 500 | _aBE Project Reports | ||
| 942 |
_aCAE NUST _kPR 324 |
||
| 999 |
_c323158 _d323158 |
||